[Event "GBR-ch"]
[Site "Scarborough"]
[Date "2001.07.30"]
[Round "1"]
[White "Hodgson, Julian M"]
[Black "Tan, Desmond"]
[Result "1-0"]
[WhiteElo "2581"]
[BlackElo "2253"]
[PlyCount "85"]
[EventDate "2001.07.30"]

1. d4 Nf6 2. Bg5 e6 3. e4 h6 4. Bxf6 Qxf6 5. c3 d5 6. e5 Qd8 7. Nf3 c5 8. dxc5
Bxc5 9. Bd3 Nc6 10. O-O Bd7 11. Nbd2 Qc7 12. Qe2 Be7 13. Rfe1 a6 14. Rac1 Rc8
15. Nb3 Qb6 16. Bb1 Na5 17. Nxa5 Qxa5 18. Nd4 Bg5 19. Rcd1 Ba4 20. Nb3 Qb6 21.
Rd4 Bxb3 22. axb3 Be7 23. Bc2 g6 24. Ra1 h5 25. h4 Qd8 26. Raa4 Bc5 27. Rf4 g5
28. Rf6 Be7 29. hxg5 Bxf6 30. exf6 h4 31. Rb4 b5 32. Qe3 Qd6 33. g6 fxg6 34.
Qa7 h3 35. Qg7 Qf8 36. Qb7 Qc5 37. Bxg6+ Kd8 38. Qxa6 Rc6 39. Qa5+ Rc7 40. gxh3
Rg8 41. Rg4 Kd7 42. b4 Qc6 43. Bd3 1-0

[Event "GBR-ch"]
[Site "Scarborough"]
[Date "2001.07.30"]
[Round "1"]
[White "Hebden, Mark"]
[Black "Stephenson, Norman"]
[Result "1-0"]
[WhiteElo "2550"]
[BlackElo "2246"]
[PlyCount "33"]
[EventDate "2001.07.30"]

1. d4 d5 2. c4 e6 3. Nf3 Nf6 4. Bg5 Be7 5. Nc3 h6 6. Bh4 O-O 7. e3 b6 8. Bd3
Bb7 9. O-O dxc4 10. Bxc4 Ne4 11. Bxe7 Qxe7 12. Nxe4 Bxe4 13. Rc1 Rc8 14. Ne5 c5
15. Qg4 Bf5 16. Qf3 Nd7 17. Qb7 1-0

[Event "GBR-ch"]
[Site "Scarborough"]
[Date "2001.07.30"]
[Round "1"]
[White "Pert, Richard"]
[Black "Chandler, Murray"]
[Result "1/2-1/2"]
[WhiteElo "2245"]
[BlackElo "2540"]
[PlyCount "62"]
[EventDate "2001.07.30"]

1. e4 c5 2. Nf3 d6 3. Nc3 Nc6 4. Bb5 e5 5. d3 Nf6 6. h3 Be7 7. O-O O-O 8. Bc4
h6 9. a3 Kh8 10. Nh2 Ng8 11. f4 exf4 12. Bxf4 Bg5 13. Bg3 Be6 14. Nb5 Be7 15.
Bxe6 fxe6 16. Rxf8 Bxf8 17. Nf3 a6 18. Nc3 Be7 19. Kh1 Qb6 20. Rb1 Rf8 21. Ne2
e5 22. Nc3 Qd8 23. Nd5 Qe8 24. b4 Nd4 25. Nxd4 cxd4 26. c3 dxc3 27. Rc1 Nf6 28.
Nxf6 Bxf6 29. Rxc3 Bd8 30. Rc8 Kh7 31. Kh2 Qf7 1/2-1/2

[Event "GBR-ch"]
[Site "Scarborough"]
[Date "2001.07.30"]
[Round "1"]
[White "Emms, John M"]
[Black "Willmoth, Robert"]
[Result "1-0"]
[WhiteElo "2532"]
[BlackElo "2239"]
[PlyCount "81"]
[EventDate "2001.07.30"]

1. e4 c5 2. Nc3 Nc6 3. Nge2 Nf6 4. d4 cxd4 5. Nxd4 e5 6. Ndb5 d6 7. Bg5 a6 8.
Na3 Be6 9. Nc4 Rc8 10. Bd3 Be7 11. Bxf6 Bxf6 12. Ne3 Bg5 13. Ncd5 Bxe3 14. Nxe3
Ne7 15. O-O d5 16. Qh5 dxe4 17. Bxe4 Qc7 18. Rad1 Ng6 19. Bxg6 fxg6 20. Qf3 Rf8
21. Qe2 Rf7 22. b3 b5 23. a4 Qc5 24. axb5 axb5 25. h3 Kf8 26. Rd2 Rf4 27. Ra1
Rd4 28. Ra6 Bf7 29. Rd1 Rcd8 30. Rda1 g5 31. Ra8 Bg6 32. R1a5 Be8 33. Rxd8 Rxd8
34. Qg4 h6 35. Qf3+ Kg8 36. Ra6 Qd4 37. Re6 Bd7 38. Re7 Rf8 39. Qb7 Qa1+ 40.
Kh2 Bc8 41. Rxg7+ 1-0

[Event "GBR-ch"]
[Site "Scarborough"]
[Date "2001.07.30"]
[Round "1"]
[White "Jackson, Adrian"]
[Black "Lalic, Bogdan"]
[Result "1/2-1/2"]
[WhiteElo "2230"]
[BlackElo "2528"]
[PlyCount "22"]
[EventDate "2001.07.30"]

1. e4 c5 2. Nf3 d6 3. d4 Nf6 4. Nc3 cxd4 5. Nxd4 a6 6. Bc4 e6 7. Bb3 b5 8. O-O
Be7 9. Qf3 Qb6 10. Be3 Qb7 11. Qg3 Nc6 1/2-1/2

[Event "GBR-ch"]
[Site "Scarborough"]
[Date "2001.07.30"]
[Round "1"]
[White "Gallagher, Joseph G"]
[Black "Lyell, Mark"]
[Result "1-0"]
[WhiteElo "2516"]
[BlackElo "2219"]
[PlyCount "105"]
[EventDate "2001.07.30"]

1. d4 f5 2. g3 g6 3. Bg2 Bg7 4. Nf3 Nf6 5. O-O O-O 6. c4 d6 7. Nc3 Qe8 8. Nd5
Nxd5 9. cxd5 c6 10. Qb3 Kh8 11. Be3 e5 12. dxe6 Qxe6 13. Qa3 Nd7 14. d5 Qxd5
15. Rad1 Qg8 16. Rxd6 Nf6 17. Nd2 Be6 18. Bd4 a6 19. Qc3 Qf7 20. e4 Rad8 21.
Rxd8 Rxd8 22. exf5 Bxf5 23. Nc4 Ne4 24. Bxg7+ Qxg7 25. Qa5 Qd4 26. Ne3 Rf8 27.
Qa3 Qc5 28. Qxc5 Nxc5 29. Nxf5 Rxf5 30. Rd1 Kg7 31. Rd4 Rf7 32. Kf1 Re7 33. Bf3
Kf6 34. b4 Ne6 35. Rd3 Ng5 36. Bd1 Re4 37. a3 Ke7 38. Bb3 Ne6 39. f3 Re5 40.
Kf2 b6 41. f4 Re4 42. Kf3 Re1 43. Bc4 a5 44. bxa5 bxa5 45. Re3 Rxe3+ 46. Kxe3
Nc5 47. h4 Nd7 48. g4 h6 49. Bd3 Kf6 50. g5+ hxg5 51. hxg5+ Kf7 52. Kd4 Kg7 53.
Be4 1-0

[Event "GBR-ch"]
[Site "Scarborough"]
[Date "2001.07.30"]
[Round "1"]
[White "Addison, Bret C"]
[Black "Rowson, Jonathan"]
[Result "1/2-1/2"]
[WhiteElo "2218"]
[BlackElo "2514"]
[PlyCount "160"]
[EventDate "2001.07.30"]

1. d4 Nf6 2. c4 e6 3. Nc3 Bb4 4. Bg5 c5 5. d5 Bxc3+ 6. bxc3 d6 7. e3 Qe7 8. Nf3
e5 9. Qc2 h6 10. Bh4 g5 11. Bg3 Nh5 12. Bd3 Ng7 13. Nd2 f5 14. f3 Rf8 15. O-O-O
Nd7 16. h3 Kd8 17. Bf2 Kc7 18. Rdf1 Nf6 19. Kb2 Bd7 20. Ka1 Rae8 21. Qb3 Bc8
22. Bc2 f4 23. g4 fxg3 24. Bxg3 Bf5 25. Rb1 Kb8 26. h4 g4 27. fxg4 Nxg4 28. e4
Bc8 29. h5 Qg5 30. Bd1 Nf2 31. Bxf2 Rxf2 32. Nf3 Qf4 33. Rg1 Nxh5 34. Nd4 exd4
35. Bxh5 Re7 36. Rg8 d3 37. e5 Qxe5 38. Bg4 Rf5 39. Bxf5 Qxf5 40. Rbg1 Qf2 41.
Qb1 Qd2 42. Rd1 Qxc3+ 43. Qb2 Qxc4 44. Qh8 Rc7 45. Rg3 d2 46. Qc3 Qxd5 47. Qxd2
Qe5+ 48. Qc3 Qxc3+ 49. Rxc3 Rd7 50. Rh3 d5 51. Rh5 d4 52. Rxc5 Rd6 53. Rc4 d3
54. Rf4 Bd7 55. Kb2 Bb5 56. a4 Ba6 57. Rf7 Bc4 58. Rh7 a5 59. Kc3 Ba6 60. Rd2
Rc6+ 61. Kb3 Rb6+ 62. Kc3 Rc6+ 63. Kb3 Rb6+ 64. Kc3 Ka7 65. Rb2 Rg6 66. Rh2 Rg4
67. Ra2 Rh4 68. Ra1 Rh2 69. Rc1 Rh4 70. Ra1 h5 71. Ra2 Rc4+ 72. Kd2 Re4 73. Kc3
Rc4+ 74. Kd2 Rg4 75. Kc3 h4 76. Rh5 Rg3 77. Rd2 Rg4 78. Rxa5 Kb6 79. Rh5 Rxa4
80. Rh2 Rc4+ 1/2-1/2

[Event "GBR-ch"]
[Site "Scarborough"]
[Date "2001.07.30"]
[Round "1"]
[White "Turner, Matthew J"]
[Black "Simons, Martin J"]
[Result "1-0"]
[WhiteElo "2511"]
[BlackElo "2215"]
[PlyCount "77"]
[EventDate "2001.07.30"]

1. c4 d6 2. g3 e5 3. Bg2 Nc6 4. Nc3 f5 5. d3 Nf6 6. e3 Be7 7. Nge2 O-O 8. O-O
Be6 9. Nd5 Bf7 10. Nec3 Qd7 11. b4 Nxd5 12. Nxd5 Nd8 13. Qc2 c6 14. Nxe7+ Qxe7
15. Rb1 Ne6 16. f4 exf4 17. gxf4 Rac8 18. Bb2 Rfe8 19. Qf2 Nf8 20. Rbe1 d5 21.
c5 Qd7 22. Qg3 Be6 23. h4 Qf7 24. Bf3 Qg6 25. Qxg6 hxg6 26. Kf2 Bf7 27. Rg1 Ne6
28. Be5 Re7 29. e4 dxe4 30. dxe4 Rd7 31. h5 gxh5 32. exf5 Nd4 33. Rxg7+ Kf8 34.
Bxh5 Nxf5 35. Rg5 Rd2+ 36. Re2 Rxe2+ 37. Bxe2 Ne7 38. Bd6 Re8 39. f5 1-0

[Event "GBR-ch"]
[Site "Scarborough"]
[Date "2001.07.30"]
[Round "1"]
[White "Burnett, Jim"]
[Black "Summerscale, Aaron"]
[Result "0-1"]
[WhiteElo "2209"]
[BlackElo "2510"]
[PlyCount "48"]
[EventDate "2001.07.30"]

1. d4 d5 2. c4 c6 3. Nf3 Nf6 4. Nc3 a6 5. e3 b5 6. b3 Bg4 7. Be2 e6 8. Ne5 Bxe2
9. Qxe2 Bb4 10. Bd2 Qa5 11. Nb1 Ne4 12. Bxb4 Qxb4+ 13. Kf1 bxc4 14. bxc4 f6 15.
Nf3 Nd7 16. cxd5 cxd5 17. Ne1 Rc8 18. Nd3 Qa4 19. f3 Nd6 20. Nd2 Rc2 21. Kf2
Nc4 22. Rhd1 Qa5 23. Ke1 Ndb6 24. Nc1 Nxd2 0-1

[Event "GBR-ch"]
[Site "Scarborough"]
[Date "2001.07.30"]
[Round "1"]
[White "Wells, Peter"]
[Black "Lappage, Jonathan"]
[Result "1-0"]
[WhiteElo "2510"]
[BlackElo "2208"]
[PlyCount "93"]
[EventDate "2001.07.30"]

1. e4 c5 2. Nc3 Nc6 3. Bb5 Nd4 4. Bc4 e6 5. Nf3 Nf6 6. O-O b5 7. Nxb5 Nxb5 8.
Bxb5 Nxe4 9. d4 Qb6 10. c4 a6 11. Ba4 cxd4 12. Nxd4 Bc5 13. Be3 O-O 14. Bc2 Bb7
15. b4 Bxd4 16. Bxd4 Qc6 17. f3 Nf6 18. Qd3 Rfd8 19. Rfe1 Rac8 20. c5 Qb5 21.
Qd2 Nd5 22. a4 Qc6 23. Bd3 d6 24. b5 axb5 25. axb5 Qe8 26. c6 Bxc6 27. bxc6
Qxc6 28. Be4 Qc4 29. Red1 Ne7 30. Rdc1 Qb5 31. Rcb1 Qe8 32. Rb7 d5 33. Bd3 Nc6
34. Bxg7 Kxg7 35. Qg5+ Kh8 36. Qf6+ Kg8 37. Qh6 Rd7 38. Bxh7+ Kh8 39. Bd3+ Kg8
40. Bh7+ Kh8 41. Bc2+ Kg8 42. Ra4 d4 43. Bh7+ Kh8 44. Be4+ Kg8 45. Qh7+ Kf8 46.
Bxc6 Rxc6 47. Ra8 1-0

[Event "GBR-ch"]
[Site "Scarborough"]
[Date "2001.07.30"]
[Round "1"]
[White "Gormally, Daniel"]
[Black "Briggs, Philip"]
[Result "1-0"]
[WhiteElo "2481"]
[BlackElo "2200"]
[PlyCount "39"]
[EventDate "2001.07.30"]

1. Nf3 Nf6 2. c4 c6 3. Nc3 d5 4. d4 g6 5. cxd5 cxd5 6. Bf4 Bg7 7. e3 O-O 8. h3
Bd7 9. Qb3 Bc6 10. Be2 Nbd7 11. O-O Rc8 12. Nb5 Ra8 13. Rac1 Ne4 14. Bc7 Qc8
15. Bh2 Ndf6 16. Nc7 Rb8 17. Qa3 Rd8 18. Ne5 Rd6 19. Nb5 Bh6 20. Nxc6 1-0

[Event "GBR-ch"]
[Site "Scarborough"]
[Date "2001.07.30"]
[Round "1"]
[White "Ledger, Stephen"]
[Black "Shaw, John K"]
[Result "0-1"]
[WhiteElo "2196"]
[BlackElo "2478"]
[PlyCount "76"]
[EventDate "2001.07.30"]

1. d4 d5 2. Nf3 Nf6 3. Bf4 c5 4. c3 Nc6 5. e3 e6 6. Nbd2 Bd6 7. Bg3 O-O 8. Be2
Qe7 9. Ne5 Nd7 10. Nxc6 bxc6 11. Nf3 f6 12. O-O e5 13. c4 cxd4 14. exd4 e4 15.
Bxd6 Qxd6 16. Ne1 f5 17. f4 Ba6 18. c5 Bxe2 19. Qxe2 Qf6 20. Nc2 Rfb8 21. b3 a5
22. Qe3 Nf8 23. Rab1 Ne6 24. a3 h6 25. g3 g5 26. Rf2 gxf4 27. gxf4 Kh7 28. Kh1
Rg8 29. b4 axb4 30. Rxb4 Rg4 31. Rb7+ Kh8 32. Rb1 Rag8 33. Rbf1 Qg7 34. Rd2
Nxf4 35. h3 Rg3 36. Qxf4 Rg1+ 37. Kh2 Qg2+ 38. Rxg2 R8xg2# 0-1

[Event "GBR-ch"]
[Site "Scarborough"]
[Date "2001.07.30"]
[Round "1"]
[White "Pert, Nicholas"]
[Black "Oswald, Graeme"]
[Result "1-0"]
[WhiteElo "2475"]
[BlackElo "2195"]
[PlyCount "77"]
[EventDate "2001.07.30"]

1. d4 Nf6 2. Nf3 e6 3. c4 Bb4+ 4. Bd2 a5 5. g3 d5 6. Bxb4 axb4 7. Nbd2 O-O 8.
Bg2 Nc6 9. O-O Bd7 10. e3 Na5 11. b3 b5 12. c5 Nc6 13. Ne5 Nxe5 14. dxe5 Ne8
15. Nf3 Ra3 16. Ne1 Qa8 17. Qb1 Qa7 18. Nc2 Ra5 19. Nxb4 Qxc5 20. Nxd5 b4 21.
Rc1 Qb5 22. Ne7+ Kh8 23. Bc6 Bxc6 24. Nxc6 Ra6 25. Qe4 Rb6 26. Rc4 f5 27. Qc2
g5 28. Rc1 Qd5 29. Qd1 Ng7 30. Qxd5 exd5 31. Rxb4 Ne6 32. Rxb6 cxb6 33. Nd4 Nc5
34. e6 f4 35. exf4 gxf4 36. e7 Re8 37. Nf5 fxg3 38. hxg3 Kg8 39. Rd1 1-0

[Event "GBR-ch"]
[Site "Scarborough"]
[Date "2001.07.30"]
[Round "1"]
[White "Lane, Gary"]
[Black "Moore, Gerald"]
[Result "1-0"]
[WhiteElo "2456"]
[BlackElo "2194"]
[PlyCount "35"]
[EventDate "2001.07.30"]

1. e4 d5 2. exd5 Qxd5 3. Nc3 Qa5 4. Nf3 Nf6 5. d4 c6 6. Bd2 Bf5 7. Bc4 e6 8.
Ne4 Qc7 9. Nxf6+ gxf6 10. Qe2 Nd7 11. O-O-O O-O-O 12. Nh4 Bg6 13. Bb3 c5 14. d5
Nb6 15. Nxg6 hxg6 16. Ba5 exd5 17. Bxd5 Rxh2 18. Be6+ 1-0

[Event "GBR-ch"]
[Site "Scarborough"]
[Date "2001.07.30"]
[Round "1"]
[White "Rudd, Jack"]
[Black "Arkell, Keith C"]
[Result "0-1"]
[WhiteElo "2193"]
[BlackElo "2431"]
[PlyCount "100"]
[EventDate "2001.07.30"]

1. e4 e6 2. d4 d5 3. Nc3 dxe4 4. Nxe4 Bd7 5. Bd3 Bc6 6. Nf3 Nd7 7. Qe2 Ngf6 8.
Neg5 Bxf3 9. Nxf3 c6 10. Bd2 Bd6 11. O-O-O Qc7 12. g3 O-O-O 13. Rhe1 c5 14. Ne5
Nb6 15. dxc5 Bxc5 16. Bf4 Nbd5 17. Ng6 Nxf4 18. Nxf4 Kb8 19. c3 Qb6 20. Rd2 Rd7
21. Red1 Rhd8 22. Kb1 a6 23. Ka1 Ka7 24. h4 Bxf2 25. Qxf2 Qxf2 26. Rxf2 e5 27.
Rg1 exf4 28. Bb1 fxg3 29. Rxg3 Nh5 30. Rgf3 f6 31. Bxh7 Rd1+ 32. Bb1 Rh1 33.
Rf1 Rxh4 34. Re3 Rd7 35. a3 Nf4 36. Bf5 Rd5 37. Bc8 Rc5 38. Re8 Nd5 39. Rf8 Rh2
40. Rd1 Nb6 41. Bg4 Nc4 42. b4 Rc7 43. Rd7 Rxd7 44. Bxd7 Rc2 45. Rf7 Rxc3 46.
Rxg7 Rxa3+ 47. Kb1 Rb3+ 48. Kc2 Rxb4 49. Kc3 a5 50. Be6 Nd6 0-1

[Event "GBR-ch"]
[Site "Scarborough"]
[Date "2001.07.30"]
[Round "1"]
[White "Ledger, Andrew"]
[Black "Conlon, Joe"]
[Result "1-0"]
[WhiteElo "2418"]
[BlackElo "2191"]
[PlyCount "81"]
[EventDate "2001.07.30"]

1. e4 d5 2. exd5 Nf6 3. Nf3 Qxd5 4. Nc3 Qh5 5. Be2 e5 6. d4 exd4 7. Nxd4 Bg4 8.
Ndb5 Na6 9. O-O Be7 10. Bxg4 Qxg4 11. Qxg4 Nxg4 12. Re1 c6 13. Nd6+ Kd7 14. Nf5
Bc5 15. Ne4 g6 16. Nh6 Nxh6 17. Bxh6 Be7 18. Rad1+ Kc7 19. Bf4+ Kb6 20. Rd7
Rhe8 21. Nc3 Bg5 22. Be3+ Bxe3 23. Rxe3 Rad8 24. Rxf7 Nb4 25. Rxe8 Rxe8 26. g4
Re1+ 27. Kg2 Rc1 28. Rxh7 Rxc2 29. Rd7 Nxa2 30. Nxa2 Rxb2 31. Nc3 Rb3 32. Na4+
Ka5 33. Nc5 Rb4 34. Kg3 b5 35. h4 Rc4 36. Nd3 b4 37. h5 gxh5 38. gxh5 b3 39. h6
Re4 40. Rxa7+ Kb6 41. Rb7+ 1-0

[Event "GBR-ch"]
[Site "Scarborough"]
[Date "2001.07.30"]
[Round "1"]
[White "Ghasi, Ameet K"]
[Black "Hunt, Adam"]
[Result "1-0"]
[WhiteElo "2188"]
[BlackElo "2408"]
[PlyCount "81"]
[EventDate "2001.07.30"]

1. Nf3 Nf6 2. d4 g6 3. g3 Bg7 4. Bg2 O-O 5. O-O d6 6. c4 Nbd7 7. Nc3 e5 8. e4
a6 9. Re1 exd4 10. Nxd4 Ng4 11. h3 Qf6 12. Nf3 Nge5 13. Nd5 Qd8 14. Nxe5 Nxe5
15. Ne3 Be6 16. Qe2 Nc6 17. Nd5 b5 18. Be3 Na5 19. cxb5 axb5 20. h4 Bxd5 21.
exd5 Nc4 22. Bg5 Qd7 23. Qc2 Bxb2 24. Rab1 Be5 25. Rb4 Ra3 26. Reb1 Rc3 27. Qd1
Na3 28. R1b3 Ra8 29. Bf1 Ra5 30. Bd2 Rxb3 31. Qxb3 Qf5 32. Rf4 Bxf4 33. Bxa5
Bc1 34. Bxc7 Qd7 35. Ba5 Qa7 36. Bb4 Qa4 37. Qc3 Nb1 38. Qc8+ Kg7 39. Bc3+ f6
40. Qc7+ Kh6 41. Bxf6 1-0

[Event "GBR-ch"]
[Site "Scarborough"]
[Date "2001.07.30"]
[Round "1"]
[White "Crouch, Colin"]
[Black "Buckley, David E"]
[Result "1/2-1/2"]
[WhiteElo "2407"]
[BlackElo "2172"]
[PlyCount "112"]
[EventDate "2001.07.30"]

1. d4 d5 2. Nf3 Nf6 3. c4 c6 4. Nc3 e6 5. e3 Nbd7 6. Qc2 Bd6 7. e4 e5 8. cxd5
cxd5 9. exd5 O-O 10. Be2 exd4 11. Nxd4 Nb6 12. Bg5 Nbxd5 13. Rd1 Qa5 14. Ndb5
Bf4 15. Bxf4 Nxf4 16. O-O Nxe2+ 17. Qxe2 Bd7 18. Nd6 Bc6 19. Qc4 Qg5 20. f3 Qa5
21. Kh1 Rad8 22. b4 Qc7 23. Nf5 Qe5 24. Nd4 Bd5 25. Nxd5 Qxd5 26. Qc2 Rfe8 27.
Nb3 Qb5 28. a3 Nd5 29. Qc5 Qxc5 30. Nxc5 b6 31. Ne4 Ne3 32. Rxd8 Rxd8 33. Rc1
Nc2 34. h4 Nxa3 35. Rc7 Nb5 36. Rb7 h6 37. g4 Nd6 38. Nxd6 Rxd6 39. Rxa7 Rd4
40. Ra8+ Kh7 41. h5 Rxb4 42. Rf8 Rf4 43. Kg2 g6 44. hxg6+ Kxg6 45. Kg3 Rc4 46.
Rg8+ Kf6 47. Rh8 Kg7 48. Rb8 Rc6 49. Kf4 Kf6 50. Rh8 Ke7 51. Ke5 Re6+ 52. Kd5
Rf6 53. Ke4 Kd6 54. f4 b5 55. f5 b4 56. Rc8 Ke7 1/2-1/2

[Event "GBR-ch"]
[Site "Scarborough"]
[Date "2001.07.30"]
[Round "1"]
[White "Blackburn, Jonathan LB"]
[Black "Ansell, Simon"]
[Result "0-1"]
[WhiteElo "2115"]
[BlackElo "2376"]
[PlyCount "78"]
[EventDate "2001.07.30"]

1. d4 d5 2. c4 c6 3. Nf3 Nf6 4. Nc3 dxc4 5. a4 Bf5 6. e3 e6 7. Bxc4 Bb4 8. Qb3
Qe7 9. O-O O-O 10. Bd2 a5 11. Rfe1 Bg6 12. Ne5 Nbd7 13. Nxg6 hxg6 14. Rad1 e5
15. d5 e4 16. dxc6 bxc6 17. Ne2 Ne5 18. Ng3 Rab8 19. Qc2 Rfd8 20. b3 Bxd2 21.
Rxd2 Rxd2 22. Qxd2 Nxc4 23. bxc4 Qb4 24. Qe2 Qxa4 25. h3 Qb3 26. Rc1 a4 27. Qc2
Qxc2 28. Rxc2 Rb1+ 29. Kh2 Rb4 30. Ne2 c5 31. Kg3 g5 32. Nc1 a3 33. Ra2 Rb1 34.
Ne2 Rb2 35. Rxa3 Rxe2 36. Ra8+ Kh7 37. Rc8 Kg6 38. Rxc5 Nh5+ 39. Kh2 Rxf2 0-1

[Event "GBR-ch"]
[Site "Scarborough"]
[Date "2001.07.30"]
[Round "1"]
[White "Knott, Simon JB"]
[Black "Anderson, John"]
[Result "1-0"]
[WhiteElo "2373"]
[BlackElo "2161"]
[PlyCount "49"]
[EventDate "2001.07.30"]

1. c4 Nf6 2. Nc3 e5 3. Nf3 Nc6 4. d3 Bb4 5. e4 d6 6. g3 O-O 7. Bg2 Ne8 8. O-O
Bxc3 9. bxc3 f5 10. exf5 Bxf5 11. Rb1 Rb8 12. Nh4 Be6 13. f4 exf4 14. Bxf4 Qd7
15. Qa4 Nf6 16. Bg5 Ng4 17. Be4 Nge5 18. Qc2 Bh3 19. Rxf8+ Rxf8 20. d4 Ng6 21.
Bd5+ Kh8 22. Qxg6 Bf5 23. Rf1 Rf6 24. Qxf6 gxf6 25. Bxf6+ 1-0

[Event "GBR-ch"]
[Site "Scarborough"]
[Date "2001.07.30"]
[Round "1"]
[White "Snape, Ian L"]
[Black "Williams, Simon K"]
[Result "0-1"]
[WhiteElo "2160"]
[BlackElo "2369"]
[PlyCount "98"]
[EventDate "2001.07.30"]

1. c4 f5 2. Nc3 Nf6 3. g3 e6 4. Bg2 Be7 5. d3 O-O 6. e4 fxe4 7. dxe4 Nc6 8. Nf3
Bb4 9. e5 Ne4 10. Bd2 Bxc3 11. Bxc3 Nxc3 12. bxc3 Qe7 13. O-O Rb8 14. Qe2 b6
15. Nd4 Na5 16. Nb3 Nb7 17. f4 Nc5 18. Nd4 Bb7 19. f5 Bxg2 20. Kxg2 exf5 21.
Nxf5 Qe6 22. Nd4 Qg6 23. Nb5 Qc6+ 24. Kg1 a6 25. Nd4 Qe4 26. Rae1 Qxe2 27. Rxe2
Rxf1+ 28. Kxf1 Re8 29. Nf3 h6 30. h4 g6 31. g4 Rf8 32. Re3 Rf4 33. g5 hxg5 34.
hxg5 Ne6 35. Kg1 Rxc4 36. Rd3 Nc5 37. e6 dxe6 38. Rd8+ Kg7 39. Rc8 Ne4 40. Rd8
Rxc3 41. Rd7+ Kf8 42. Kg2 Rc5 43. Nh4 Ke8 44. Rg7 Nxg5 45. Nxg6 Nf7 46. Kf3
Rf5+ 47. Ke3 Kd7 48. Kd4 Kd6 49. Nf8 c5+ 0-1

[Event "GBR-ch"]
[Site "Scarborough"]
[Date "2001.07.30"]
[Round "1"]
[White "Zhao, Zong-Yuan"]
[Black "D'Costa, Lorin"]
[Result "1/2-1/2"]
[WhiteElo "2359"]
[BlackElo "2155"]
[PlyCount "36"]
[EventDate "2001.07.30"]

1. e4 c5 2. Nf3 d6 3. d4 cxd4 4. Nxd4 Nf6 5. Nc3 Nc6 6. Bc4 Qb6 7. Nb3 e6 8.
Bf4 Ne5 9. Be2 a6 10. Qd2 Be7 11. O-O-O Qc7 12. g4 b5 13. g5 Nfd7 14. Be3 Nb6
15. Qd4 Nbc4 16. Bxc4 Qxc4 17. f4 Qxd4 18. Bxd4 Ng6 1/2-1/2

[Event "GBR-ch"]
[Site "Scarborough"]
[Date "2001.07.30"]
[Round "1"]
[White "Waters, Clive L"]
[Black "Waddington, Michael"]
[Result "1/2-1/2"]
[WhiteElo "2147"]
[BlackElo "2353"]
[PlyCount "131"]
[EventDate "2001.07.30"]

1. c4 c5 2. Nf3 Nf6 3. g3 d5 4. cxd5 Nxd5 5. Bg2 Nc6 6. O-O e5 7. Nc3 Nc7 8. d3
Be7 9. Nd2 Bd7 10. Nc4 f6 11. f4 b5 12. Ne3 exf4 13. gxf4 O-O 14. Ned5 Rb8 15.
Be3 Nd4 16. Nxc7 Qxc7 17. Nd5 Qd8 18. Bf2 Bg4 19. Re1 Bd6 20. Bxd4 cxd4 21. Qb3
Be6 22. Qc2 Qd7 23. Qd2 b4 24. f5 Bxf5 25. Rf1 Be6 26. Kh1 Rb5 27. Nf4 Bf7 28.
Be4 Qg4 29. Rf2 Rg5 30. Raf1 Re8 31. Ng2 Qh3 32. Ne1 Rh5 33. Nf3 Qd7 34. Rc1
Rc8 35. Rxc8+ Qxc8 36. Nxd4 Qc5 37. e3 Be5 38. Nf5 Rxf5 39. Rxf5 Qc7 40. d4 Bd6
41. Rf1 Qe7 42. Qd3 g6 43. Rc1 f5 44. Bf3 Qh4 45. Qe2 Kg7 46. Rc6 Bb8 47. b3 g5
48. Qb2 Qe1+ 49. Kg2 Qxe3 50. Qc1 Qe7 51. Qc5 Qe1 52. Qxf5 Qd2+ 53. Kf1 Qxd4
54. Qxg5+ Bg6 55. Qe7+ Kh6 56. Qf8+ Kg5 57. Rc5+ Be5 58. Qe7+ Kf5 59. Qf8+ Kg5
60. h4+ Kxh4 61. Rc4 Bd3+ 62. Be2 Bxc4 63. Qh6+ Kg3 64. Qg5+ Kh3 65. Qf5+ Kg3
66. Qg5+ 1/2-1/2

[Event "GBR-ch"]
[Site "Scarborough"]
[Date "2001.07.30"]
[Round "1"]
[White "Palliser, Richard JD"]
[Black "Frost, Nicholas"]
[Result "1-0"]
[WhiteElo "2337"]
[BlackElo "2141"]
[PlyCount "40"]
[EventDate "2001.07.30"]

1. d4 e6 2. e4 d5 3. Nc3 Nf6 4. e5 Nfd7 5. Nce2 c5 6. c3 Nc6 7. f4 cxd4 8. cxd4
Nb6 9. Nf3 Nc4 10. a3 Qa5+ 11. Kf2 b5 12. Ng3 Ba6 13. Qd3 Nb4 14. Qb1 Nc6 15.
b3 Nxa3 16. Bxa3 Bxa3 17. b4 Qa4 18. Qa2 Bxb4 19. Qxa4 bxa4 20. Bxa6 a3 1-0

[Event "GBR-ch"]
[Site "Scarborough"]
[Date "2001.07.30"]
[Round "1"]
[White "Buckley, Melanie"]
[Black "Eames, Robert"]
[Result "0-1"]
[WhiteElo "2118"]
[BlackElo "2333"]
[PlyCount "88"]
[EventDate "2001.07.30"]

1. e4 e5 2. Bc4 Nf6 3. d3 Nc6 4. Nf3 Be7 5. O-O O-O 6. Re1 d6 7. a4 Na5 8. Ba2
c5 9. c3 h6 10. b4 Nc6 11. b5 Nb8 12. d4 Qc7 13. h3 Re8 14. dxe5 dxe5 15. Na3
b6 16. Nc4 Nbd7 17. Ne3 Bb7 18. Nd5 Nxd5 19. Bxd5 a6 20. Be3 Bxd5 21. Qxd5 Nf6
22. Qc4 Bf8 23. Nd2 Ra7 24. Ra2 Rea8 25. Rea1 Ne8 26. bxa6 Rxa6 27. Qd5 Rd8 28.
Qc4 Ra7 29. Qe2 Nd6 30. f3 c4 31. Qf2 Ra6 32. Rb1 b5 33. a5 Rda8 34. Bb6 Qc6
35. Rab2 Be7 36. Kh2 Bd8 37. Bc5 Rxa5 38. Bxd6 Qxd6 39. Rxb5 Rxb5 40. Rxb5 Qd3
41. Rd5 Qxc3 42. Qe2 Bg5 43. Nxc4 Ra1 44. Kg3 Qc1 0-1

[Event "GBR-ch"]
[Site "Scarborough"]
[Date "2001.07.30"]
[Round "1"]
[White "Ledger, Dave J"]
[Black "Rutherford, Elaine"]
[Result "1-0"]
[WhiteElo "2312"]
[BlackElo "2117"]
[PlyCount "59"]
[EventDate "2001.07.30"]

1. e4 c5 2. Nc3 Nc6 3. g3 g6 4. d3 Bg7 5. Be3 d6 6. Qd2 Nd4 7. Nd1 Bd7 8. c3
Nc6 9. f4 b5 10. Bg2 Rb8 11. Ne2 b4 12. O-O Nf6 13. h3 Qc8 14. g4 O-O 15. Ng3
Ne8 16. Kh2 Nc7 17. g5 Nb5 18. f5 Bh8 19. Rc1 Qa6 20. Nf2 Qxa2 21. Ng4 h5 22.
Nh6+ Kh7 23. c4 Nbd4 24. Nxh5 Nb3 25. Qf2 gxh5 26. Qh4 Qxb2 27. Qxh5 Qg7 28.
Nxf7+ Kg8 29. Nh6+ Kh7 30. g6+ 1-0

[Event "GBR-ch"]
[Site "Scarborough"]
[Date "2001.07.30"]
[Round "1"]
[White "Singh, Gulpreet"]
[Black "Player, Edmund"]
[Result "1-0"]
[WhiteElo "2302"]
[BlackElo "2115"]
[PlyCount "41"]
[EventDate "2001.07.30"]

1. e4 e6 2. d4 d5 3. Nc3 Bb4 4. e5 c5 5. Bd2 Ne7 6. a3 Bxc3 7. Bxc3 Nbc6 8. Nf3
cxd4 9. Nxd4 a6 10. f4 Nxd4 11. Qxd4 O-O 12. O-O-O Bd7 13. Bd3 Bb5 14. Bxb5
axb5 15. Qf2 Nc6 16. Qc5 Qd7 17. Qxb5 Nxe5 18. Qe2 Nc6 19. Rd3 Ra4 20. Qh5 g6
21. Qxh7+ 1-0

[Event "GBR-ch"]
[Site "Scarborough"]
[Date "2001.07.30"]
[Round "1"]
[White "Walker, Martin G"]
[Black "Reuben, Stewart"]
[Result "1-0"]
[WhiteElo "2109"]
[BlackElo "2168"]
[PlyCount "87"]
[EventDate "2001.07.30"]

1. e4 c5 2. Nf3 Nc6 3. Bb5 g6 4. O-O Bg7 5. c3 Nf6 6. Re1 O-O 7. d4 cxd4 8.
cxd4 d6 9. h3 a6 10. Bf1 b5 11. a3 Bb7 12. Nc3 e5 13. d5 Nd4 14. Be3 Nxf3+ 15.
Qxf3 Nd7 16. Bd3 Rc8 17. Rec1 Nc5 18. Bc2 Qe7 19. Qe2 f5 20. f3 Qh4 21. Qd2 Rf7
22. b4 Nd7 23. Bd3 Qd8 24. a4 bxa4 25. Nxa4 Rxc1+ 26. Rxc1 f4 27. Bf2 Nb8 28.
Rc3 Bc8 29. Bb6 Qe8 30. Qc2 Bd7 31. Nb2 Bf8 32. Rc7 Be7 33. Ba7 Bd8 34. Bxb8
Bxc7 35. Qxc7 Bb5 36. Qxd6 Qc8 37. Bxb5 axb5 38. Qxe5 Qc1+ 39. Kh2 Qe1 40. Nd3
Qe3 41. Qe8+ Rf8 42. Qe6+ Kg7 43. Be5+ Kh6 44. Qe7 1-0

[Event "GBR-ch"]
[Site "Scarborough"]
[Date "2001.07.30"]
[Round "1"]
[White "Hanley, Craig"]
[Black "Steadman, Michael"]
[Result "1-0"]
[WhiteElo "2278"]
[BlackElo "2090"]
[PlyCount "93"]
[EventDate "2001.07.30"]

1. c4 e5 2. g3 d6 3. Bg2 g6 4. Nc3 Bg7 5. e4 Be6 6. d3 Qd7 7. h4 c6 8. Nge2 Ne7
9. h5 Na6 10. h6 Bf6 11. Be3 Nc7 12. Qd2 O-O 13. f4 b5 14. O-O bxc4 15. fxe5
Bxe5 16. d4 Bh8 17. d5 cxd5 18. exd5 Bf5 19. Bd4 Be5 20. Bxe5 dxe5 21. d6 Ne6
22. Rad1 Nc6 23. Nd5 Kh8 24. Nf6 Qd8 25. Bxc6 Qb6+ 26. Rf2 Qxc6 27. Qc3 Nd4 28.
Rxd4 exd4 29. Qxd4 Rad8 30. d7 Bxd7 31. Nd5+ f6 32. Nxf6 Qb6 33. Qe5 Rxf6 34.
Qxf6+ Qxf6 35. Rxf6 Bf5 36. Nd4 Kg8 37. Nc6 Rd7 38. Kf2 Bb1 39. a3 Rf7 40. Rxf7
Kxf7 41. Nxa7 Kf6 42. Nb5 Kg5 43. a4 Be4 44. a5 Kxh6 45. a6 Kg5 46. a7 Kf5 47.
Nd6+ 1-0